[Event "XXI C.to Mondiale Seniores"]
[Site "Abbazia CRO"]
[Date "2011.11.15"]
[Round "1"]
[White "Cebalo, Miso"]
[Black "Laco, Giuseppe"]
[Result "1-0"]
[WhiteElo "2446"]
[BlackElo "2096"]
[PlyCount "97"]
[EventDate "2011.11.15"]

1. d4 d5 2. c4 c6 3. Nf3 g6 4. Nc3 Nf6 5. Bf4 Nh5 6. Bxb8 Rxb8 7. cxd5 Nf6 8.
dxc6 bxc6 9. Qd2 Qb6 10. e3 e6 11. Bd3 Qxb2 12. Qxb2 Rxb2 13. O-O Nd5 14. Rfc1
Bd7 15. Ne5 f6 16. Nc4 Rb4 17. Ne4 Be7 18. Na5 Rb6 19. Nc5 Bxc5 20. Rxc5 O-O
21. Rac1 Rc8 22. g3 Nb4 23. Bc4 Na6 24. Bxa6 Rxa6 25. e4 Re8 26. Kg2 Kf8 27.
R1c2 Rd8 28. Nxc6 Bxc6 29. Rxc6 Rxc6 30. Rxc6 Rxd4 31. Rxe6 Ra4 32. Rxf6+ Kg7
33. Rc6 Rxa2 34. Rc7+ Kg8 35. h4 a5 36. Ra7 a4 37. Kf3 a3 38. e5 h6 39. Ke3 Ra1
40. Kf4 a2 41. h5 Rh1 42. Rxa2 Rxh5 43. Ke4 Rf5 44. Ra8+ Kg7 45. Ra7+ Kf8 46.
f4 Rh5 47. Kd5 Rf5 48. Kd6 Kg8 49. Ra8+ 1-0

[Event "XXI C.to Mondiale Seniores"]
[Site "Abbazia CRO"]
[Date "2011.11.15"]
[Round "1"]
[White "Guaglianone, Mario"]
[Black "Jacobsen, Bo"]
[Result "0-1"]
[WhiteElo "2014"]
[BlackElo "2317"]
[PlyCount "99"]
[EventDate "2011.11.15"]

1. d4 Nf6 2. Nf3 g6 3. Bf4 Bg7 4. e3 O-O 5. c3 d6 6. h3 Nc6 7. Be2 Nd7 8. Nbd2
e5 9. Bg5 Qe8 10. O-O h6 11. Bh4 e4 12. Ne1 Ne7 13. Bg3 Nf5 14. Bh2 Qe7 15. g4
Nh4 16. Ng2 Nxg2 17. Kxg2 Nf6 18. Bg1 Bd7 19. f4 exf3+ 20. Bxf3 d5 21. Re1 Ne4
22. Bh2 f5 23. Nxe4 dxe4 24. Be2 fxg4 25. hxg4 h5 26. Bg3 h4 27. Bf4 g5 28. Bh2
Kh8 29. Rf1 Rxf1 30. Qxf1 Rf8 31. Qg1 Be6 32. b3 c5 33. Rf1 b5 34. Rxf8+ Qxf8
35. Qf1 Qc8 36. Kh3 cxd4 37. cxd4 Qc3 38. Kg2 Qxe3 39. Be5 Bxe5 40. dxe5 Qf4
41. Qxf4 gxf4 42. Kh3 f3 43. Bd1 Bd5 44. Kxh4 e3 45. Kg3 e2 46. Bxe2 fxe2 47.
Kf2 Bf3 48. e6 Kg7 49. g5 a5 50. a3 0-1

[Event "XXI C.to Mondiale Seniores"]
[Site "Abbazia CRO"]
[Date "2011.11.16"]
[Round "2"]
[White "Rosino, Antonio"]
[Black "Cebalo, Miso"]
[Result "0-1"]
[WhiteElo "2231"]
[BlackElo "2446"]
[PlyCount "80"]
[EventDate "2011.11.15"]

1. e4 c5 2. c3 d5 3. exd5 Qxd5 4. d4 g6 5. Nf3 Bg7 6. Na3 Nf6 7. Bc4 Qe4+ 8.
Be3 O-O 9. O-O cxd4 10. Nxd4 Qe5 11. Qf3 Ng4 12. Bf4 Qf6 13. Ndb5 Na6 14. Rfe1
h5 15. h3 g5 16. Bg3 Qxf3 17. gxf3 Nh6 18. Rxe7 Nf5 19. Re2 Bd7 20. Nd6 Nxg3
21. fxg3 Nc5 22. Re7 Be6 23. Nxb7 Na4 24. Bxe6 fxe6 25. Kg2 Nxb2 26. Rxe6 Rac8
27. Nb5 a6 28. Rxa6 Rce8 29. Rf1 Nd3 30. Nd4 Bxd4 31. cxd4 Ne1+ 32. Kh1 Nxf3
33. Ra3 g4 34. hxg4 hxg4 35. Nd6 Re6 36. Raxf3 Rxf3 37. Rxf3 gxf3 38. Nc4 Re1+
39. Kh2 f2 40. Nd2 Rd1 0-1

[Event "XXI C.to Mondiale Seniores"]
[Site "Abbazia CRO"]
[Date "2011.11.16"]
[Round "2"]
[White "Valenti, Giuseppe"]
[Black "Malmdin, Nils Ake"]
[Result "1/2-1/2"]
[WhiteElo "2147"]
[BlackElo "2308"]
[PlyCount "62"]
[EventDate "2011.11.15"]

1. e4 c5 2. Nf3 g6 3. d4 Bg7 4. dxc5 Qa5+ 5. Nbd2 Qxc5 6. Bc4 Nc6 7. O-O d6 8.
h3 Nf6 9. c3 O-O 10. Qe2 a6 11. a4 Bd7 12. Re1 Ne5 13. Nxe5 dxe5 14. Nb3 Qc7
15. Bg5 Bc6 16. Nd2 Nh5 17. g3 h6 18. Be3 Qd7 19. g4 Nf4 20. Bxf4 exf4 21. a5
Rad8 22. Red1 Qc7 23. Nb3 Qe5 24. Re1 Qg5 25. Nd2 Qh4 26. Kg2 Rxd2 27. Qxd2 f3+
28. Kxf3 Qxh3+ 29. Ke2 Qxg4+ 30. Ke3 Qg5+ 31. Ke2 Qg4+ 1/2-1/2

[Event "XXI C.to Mondiale Seniores"]
[Site "Abbazia CRO"]
[Date "2011.11.17"]
[Round "3"]
[White "Micheli, Carlo"]
[Black "Rukavina, Josip"]
[Result "1/2-1/2"]
[WhiteElo "2265"]
[BlackElo "2421"]
[PlyCount "124"]
[EventDate "2011.11.15"]

1. e4 d6 2. d4 g6 3. c3 Nf6 4. Bd3 Bg7 5. f4 e5 6. Nf3 Nc6 7. fxe5 dxe5 8. d5
Nb8 9. c4 c6 10. Nc3 cxd5 11. cxd5 O-O 12. O-O Nbd7 13. Qe1 a6 14. a4 Re8 15.
Kh1 h6 16. Be3 Bf8 17. a5 Ng4 18. Bd2 b5 19. axb6 Qxb6 20. h3 Ngf6 21. Na4 Qb3
22. Bc3 Nh5 23. Nd2 Qb8 24. Qf2 f6 25. Be2 Ng7 26. Bg4 Be7 27. Nc4 h5 28. Bxd7
Bxd7 29. Nab6 Bb5 30. Rfd1 Qa7 31. b3 Rab8 32. Ba5 Rf8 33. d6 Bd8 34. Qc5 Ne6
35. Qd5 Qf7 36. Na4 Nd4 37. Bc7 Qxd5 38. exd5 Rb7 39. Nc5 Ra7 40. Rxd4 Bxc7 41.
Rd2 Bb8 42. d7 Rd8 43. Nb6 Bc7 44. Nc8 Ra8 45. Ne7+ Kf7 46. Nc6 Bb6 47. Nxd8+
Rxd8 48. b4 f5 49. h4 e4 50. g3 Kf6 51. Rda2 Ke5 52. Rxa6 Bxc5 53. bxc5 Bxa6
54. Rxa6 Rxd7 55. d6 Rb7 56. Kg2 Rb2+ 57. Kf1 Rd2 58. Ke1 e3 59. c6 Kxd6 60.
c7+ Kxc7 61. Rxg6 Kd7 62. Rf6 Rg2 1/2-1/2

[Event "XXI C.to Mondiale Seniores"]
[Site "Abbazia CRO"]
[Date "2011.11.17"]
[Round "3"]
[White "Turikov, Viktor"]
[Black "Valenti, Giuseppe"]
[Result "1/2-1/2"]
[WhiteElo "2270"]
[BlackElo "2147"]
[PlyCount "90"]
[EventDate "2011.11.15"]

1. d4 Nf6 2. Nf3 e6 3. e3 c5 4. Bd3 b6 5. O-O Bb7 6. Nbd2 cxd4 7. exd4 Be7 8.
Re1 d6 9. c3 Nbd7 10. Nf1 O-O 11. Ng3 Re8 12. h3 Bf8 13. Ne4 Nxe4 14. Bxe4 Bxe4
15. Rxe4 Nf6 16. Re1 Qd7 17. Qb3 Qc6 18. a4 a6 19. Bf4 Nd5 20. Bg3 b5 21. axb5
axb5 22. Nd2 Nb6 23. f3 Nc4 24. Nxc4 bxc4 25. Qc2 Reb8 26. Bf4 Rb3 27. Rxa8
Qxa8 28. Qe2 d5 29. Qf2 Qa2 30. Bc1 Bd6 31. f4 Qa8 32. f5 exf5 33. Qxf5 Rb8 34.
Rf1 Qb7 35. h4 Re8 36. h5 Re6 37. h6 gxh6 38. Bf4 Bf8 39. Rf3 Rg6 40. Re3 Qc6
41. Qh5 Bg7 42. Re7 Bf6 43. Re2 Kg7 44. Qf5 Bg5 45. Be5+ Bf6 1/2-1/2

[Event "XXI C.to Mondiale Seniores"]
[Site "Abbazia CRO"]
[Date "2011.11.18"]
[Round "4"]
[White "Jansa, Vlastimil"]
[Black "Micheli, Carlo"]
[Result "1-0"]
[WhiteElo "2478"]
[BlackElo "2265"]
[PlyCount "59"]
[EventDate "2011.11.15"]

1. e4 c5 2. Nf3 e6 3. d4 cxd4 4. Nxd4 a6 5. Bd3 Qc7 6. Qe2 d6 7. Nc3 Nf6 8. f4
Nbd7 9. Nf3 e5 10. O-O Be7 11. Nh4 g6 12. fxe5 Nxe5 13. Bg5 Qd8 14. Nf3 Bg4 15.
Qf2 Bxf3 16. gxf3 Nh5 17. Bxe7 Qxe7 18. Nd5 Qg5+ 19. Kh1 O-O 20. f4 Nxd3 21.
cxd3 Qd8 22. f5 Rc8 23. Rae1 f6 24. Re3 Qe8 25. Rh3 g5 26. Rg1 Kh8 27. Qb6 Rc6
28. Qxb7 Rf7 29. Qb3 Rg7 30. Rxh5 1-0

[Event "XXI C.to Mondiale Seniores"]
[Site "Abbazia CRO"]
[Date "2011.11.18"]
[Round "4"]
[White "Rosino, Antonio"]
[Black "Davydov, Mihail"]
[Result "1-0"]
[WhiteElo "2231"]
[BlackElo "2036"]
[PlyCount "91"]
[EventDate "2011.11.15"]

1. e4 c6 2. d4 d5 3. Nd2 dxe4 4. Nxe4 Nd7 5. Bc4 e6 6. Nf3 Ngf6 7. Qe2 Qc7 8.
Bg5 Be7 9. O-O-O Nb6 10. Bd3 Nbd5 11. g3 Nxe4 12. Qxe4 Bd7 13. Bxe7 Nxe7 14.
Ne5 Ng6 15. Rhe1 Nxe5 16. dxe5 O-O-O 17. Qg4 g6 18. Qf4 Rhf8 19. Qh6 c5 20. Be4
Rh8 21. Qg7 Rdf8 22. Re3 Bc6 23. Bxc6 Qxc6 24. Red3 b6 25. Qf6 Qc7 26. Rd6 Qb7
27. Qg5 Qc7 28. Qf6 Qb7 29. b3 h5 30. h4 Rhg8 31. R1d3 Rh8 32. Rf3 Qc7 33. a3
a5 34. a4 Rhg8 35. Rfd3 Qb7 36. Kb2 Rh8 37. Rf3 Qc7 38. Ka2 Rhg8 39. Rfd3 Qb7
40. Qg5 Qc7 41. Qf4 Rd8 42. Qc4 Rxd6 43. Rxd6 Kb7 44. Qd3 Kc8 45. Qa6+ Qb7 46.
Rc6+ 1-0

[Event "XXI C.to Mondiale Seniores"]
[Site "Abbazia CRO"]
[Date "2011.11.19"]
[Round "5"]
[White "Gruzmann, Boris"]
[Black "Valenti, Giuseppe"]
[Result "1/2-1/2"]
[WhiteElo "2268"]
[BlackElo "2147"]
[PlyCount "91"]
[EventDate "2011.11.15"]

1. e4 c5 2. Nf3 e6 3. d4 cxd4 4. Nxd4 Qb6 5. Nb3 Nc6 6. Nc3 Nf6 7. Bd3 Be7 8.
O-O a6 9. a4 d6 10. a5 Qc7 11. Be3 O-O 12. f4 Re8 13. g4 Nd7 14. g5 g6 15. Qg4
Nb4 16. Rae1 Nxd3 17. cxd3 b5 18. axb6 Nxb6 19. Rc1 Qb8 20. Na5 Bd7 21. h4 d5
22. Qg2 Bb4 23. Nb3 Na4 24. Nxa4 Bxa4 25. Nd4 Qd6 26. e5 Qd7 27. h5 Bb5 28. Qe2
Rac8 29. hxg6 fxg6 30. Kh2 Qf7 31. Kg3 Bd7 32. Nc2 Bf8 33. Bd4 Rc7 34. Ne3 Rec8
35. Rxc7 Rxc7 36. Ng4 Qf5 37. Nf6+ Kh8 38. Rh1 Bb5 39. Rd1 h5 40. gxh6 Bxh6 41.
Qg4 Kg7 42. Qxf5 gxf5 43. Kf3 Rc2 44. Rg1+ Kf7 45. Rh1 Kg7 46. Rg1+ 1/2-1/2

[Event "XXI C.to Mondiale Seniores"]
[Site "Abbazia CRO"]
[Date "2011.11.19"]
[Round "5"]
[White "Klundt, Klaus"]
[Black "Rosino, Antonio"]
[Result "1-0"]
[WhiteElo "2383"]
[BlackElo "2231"]
[PlyCount "75"]
[EventDate "2011.11.15"]

1. e4 e5 2. Nf3 Nc6 3. Bb5 a6 4. Ba4 Nf6 5. O-O Be7 6. Re1 b5 7. Bb3 d6 8. c3
O-O 9. h3 Na5 10. Bc2 c5 11. d4 cxd4 12. cxd4 Qc7 13. Nbd2 Bb7 14. Nf1 Rac8 15.
Re2 Rfe8 16. Ng3 g6 17. b3 Nc6 18. Bb2 Bf8 19. Qd2 Bg7 20. d5 Nb8 21. a4 bxa4
22. b4 Nbd7 23. Bxa4 Qb6 24. Bc3 Rc7 25. b5 Rcc8 26. Ba5 Qc5 27. Qb2 axb5 28.
Qxb5 Qxb5 29. Bxb5 Re7 30. Bb4 Nc5 31. Ra7 Bf8 32. Nxe5 Rxe5 33. Bxc5 Rxc5 34.
Rxb7 Rc1+ 35. Kh2 Bh6 36. Ra2 Bf4 37. Ra8+ Kg7 38. Raa7 1-0

[Event "XXI C.to Mondiale Seniores"]
[Site "Abbazia CRO"]
[Date "2011.11.19"]
[Round "5"]
[White "Micheli, Carlo"]
[Black "Nordby, Bernt"]
[Result "1-0"]
[WhiteElo "2265"]
[BlackElo "2144"]
[PlyCount "84"]
[EventDate "2011.11.15"]

1. c4 g6 2. Nc3 Bg7 3. g3 Nf6 4. Bg2 O-O 5. e4 d6 6. Nge2 c5 7. d3 Nc6 8. h3 a6
9. Be3 Rb8 10. f4 Ne8 11. g4 Nc7 12. f5 e6 13. O-O b5 14. Qd2 Nd4 15. Rae1 Bb7
16. Bh6 b4 17. Bxg7 Kxg7 18. f6+ Kh8 19. Nxd4 cxd4 20. Ne2 e5 21. Qxb4 Bxe4 22.
Qd2 Bxg2 23. Kxg2 Ne6 24. b3 d5 25. h4 e4 26. Qh6 dxc4 27. dxc4 Rg8 28. Rd1 Qd7
29. Kh3 d3 30. Ng3 g5 31. Nxe4 Qd4 32. Nxg5 Qe3+ 33. Kg2 Qe2+ 34. Kh1 Nxg5 35.
hxg5 Qxg4 36. Rg1 Qf3+ 37. Kh2 Qf4+ 38. Rg3 Qf2+ 39. Rg2 Qf4+ 40. Kh1 Rbe8 41.
Qh5 d2 42. Rgg1 Re2 1-0

[Event "XXI C.to Mondiale Seniores"]
[Site "Abbazia CRO"]
[Date "2011.11.19"]
[Round "5"]
[White "Simon Padros, Emili"]
[Black "Laco, Giuseppe"]
[Result "1-0"]
[WhiteElo "2258"]
[BlackElo "2096"]
[PlyCount "135"]
[EventDate "2011.11.15"]

1. e4 g6 2. d4 Bg7 3. Nc3 c6 4. f4 d5 5. e5 f5 6. Nf3 e6 7. Bd3 Bf8 8. Ne2 a5
9. Be3 b5 10. O-O Nh6 11. Kh1 Bd7 12. b3 Ng4 13. Bg1 Na6 14. c3 Be7 15. h3 Nh6
16. Be3 Qb6 17. a3 Nc7 18. a4 Nf7 19. Qe1 b4 20. c4 O-O-O 21. Rc1 Kb8 22. Qd2
Rdg8 23. Rc2 h6 24. Rfc1 g5 25. cxd5 Nxd5 26. Bc4 Nxe3 27. Qxe3 Nd8 28. Bd3 Rf8
29. Nd2 Qa7 30. Nc4 Rhg8 31. Rf1 h5 32. fxg5 Rxg5 33. Nf4 Rfg8 34. Nd6 h4 35.
Rf3 Rg3 36. Rcf2 Qc7 37. Nc4 Be8 38. Rxg3 Rxg3 39. Rf3 Rg8 40. Be2 Bf7 41. Qd3
Nb7 42. Rf1 Rd8 43. Bf3 Bc5 44. Ne2 Ba7 45. Qe3 Be8 46. Rd1 Qe7 47. Rd2 Bd7 48.
Qf4 Ka8 49. Rc2 Be8 50. Rd2 Bb8 51. Qe3 Bc7 52. Rc2 Rc8 53. Qh6 Nd8 54. Rd2 Nf7
55. Qf4 Kb8 56. Rc2 Nd8 57. Qe3 Kb7 58. Qf4 Nf7 59. Qe3 Bd7 60. Nf4 Qg5 61. Nd3
Bb6 62. Qxg5 Nxg5 63. Nd6+ Kc7 64. Nxc8 Nxf3 65. Nxb6 Nxd4 66. Rc4 Nxb3 67.
Nxd7 Nd2 68. Rc2 1-0

[Event "XXI C.to Mondiale Seniores"]
[Site "Abbazia CRO"]
[Date "2011.11.21"]
[Round "6"]
[White "Valenti, Giuseppe"]
[Black "Singer, Hans"]
[Result "0-1"]
[WhiteElo "2147"]
[BlackElo "2254"]
[PlyCount "116"]
[EventDate "2011.11.15"]

1. e4 e5 2. Nf3 Nc6 3. Bb5 Bc5 4. O-O Nf6 5. d3 Qe7 6. c3 a6 7. Ba4 b5 8. Bc2
d6 9. d4 Bb6 10. d5 Nb8 11. a4 bxa4 12. Bxa4+ Bd7 13. Nbd2 O-O 14. Qe2 a5 15.
Bc2 Na6 16. Nc4 a4 17. Bg5 Nc5 18. Nfd2 h6 19. Be3 Bb5 20. Qf3 Rfb8 21. Ra3
Nfd7 22. Rfa1 Qf8 23. Nxb6 Nxb6 24. Qd1 Bd7 25. Qf3 Qe7 26. h3 Qf8 27. Qg3 f5
28. Bxh6 f4 29. Qg6 Qf6 30. Qxf6 gxf6 31. g3 Bxh3 32. gxf4 Kh7 33. c4 Bd7 34.
fxe5 Kxh6 35. e6 Nxe6 36. Rh3+ Kg7 37. dxe6 Bxe6 38. Rg3+ Kf7 39. Bd3 Nd7 40.
Ra2 Nc5 41. Be2 Rg8 42. Kg2 Rxg3+ 43. Kxg3 Rg8+ 44. Kf3 Rg1 45. Ke3 Rc1 46. f4
Bd7 47. f5 Bc6 48. Bd3 Rh1 49. Nf3 Ke7 50. Ra3 Kd7 51. Rc3 Rh3 52. Bc2 Rg3 53.
Kf4 Rg2 54. Nd4 Rf2+ 55. Ke3 Rh2 56. Nf3 Rh3 57. b4 axb3 58. Bxb3 Bxe4 0-1

[Event "XXI C.to Mondiale Seniores"]
[Site "Abbazia CRO"]
[Date "2011.11.22"]
[Round "7"]
[White "Micheli, Carlo"]
[Black "Pekun, Cem"]
[Result "1-0"]
[WhiteElo "2265"]
[BlackElo "2139"]
[PlyCount "27"]
[EventDate "2011.11.15"]

1. c4 c5 2. Nc3 Nc6 3. g3 g6 4. Bg2 Bg7 5. d3 e6 6. e4 Nge7 7. Nge2 O-O 8. a3
d6 9. Rb1 a5 10. O-O Rb8 11. h3 h6 12. Be3 Nd4 13. f4 Nec6 14. g4 1-0

[Event "XXI C.to Mondiale Seniores"]
[Site "Abbazia CRO"]
[Date "2011.11.23"]
[Round "8"]
[White "Micheli, Carlo"]
[Black "Shvedchikov, Anatoli I."]
[Result "0-1"]
[WhiteElo "2265"]
[BlackElo "2423"]
[PlyCount "76"]
[EventDate "2011.11.15"]

1. c4 c5 2. Nc3 Nc6 3. g3 g6 4. Bg2 Bg7 5. d3 e6 6. Bd2 Nge7 7. Qc1 h6 8. Ne4
d6 9. Bc3 e5 10. f4 b6 11. Nf3 Rb8 12. O-O O-O 13. e3 f6 14. b3 Be6 15. Qd2 f5
16. Nf2 Qc7 17. Rad1 Bf7 18. Qb2 Kh7 19. Ne1 b5 20. Qa1 Bh8 21. Nc2 bxc4 22.
bxc4 d5 23. cxd5 Nxd5 24. Bxd5 Bxd5 25. e4 fxe4 26. Ne3 Be6 27. Nxe4 Nd4 28.
Bxd4 exd4 29. Nc4 Bxc4 30. dxc4 d3 31. Qc1 Bd4+ 32. Nf2 Rb2 33. Rxd3 Rxa2 34.
Qd1 Rd8 35. Qf3 Qd7 36. Kg2 Re8 37. g4 Ree2 38. Kg3 Rxf2 0-1

[Event "XXI C.to Mondiale Seniores"]
[Site "Abbazia CRO"]
[Date "2011.11.23"]
[Round "8"]
[White "Rosino, Antonio"]
[Black "Bondick, Karl-Heinz"]
[Result "1-0"]
[WhiteElo "2231"]
[BlackElo "2144"]
[PlyCount "81"]
[EventDate "2011.11.15"]

1. e4 d5 2. exd5 c6 3. dxc6 Nxc6 4. Nf3 e5 5. Bb5 Bd6 6. Nc3 Nge7 7. h3 O-O 8.
O-O h6 9. d3 a6 10. Bc4 b5 11. Bb3 Kh8 12. Re1 f5 13. Nd5 Ng6 14. c3 Bb7 15.
Be3 Nce7 16. Bb6 Qd7 17. c4 Bxd5 18. cxd5 Qb7 19. Be3 Nxd5 20. Ng5 Rf6 21. Qf3
Nge7 22. Qh5 Raf8 23. Rac1 f4 24. Bc5 Bxc5 25. Rxc5 Rf5 26. Qf3 Rd8 27. Ne4 Nb4
28. Rc3 Ned5 29. Nc5 Qb6 30. Rcc1 Nc7 31. a3 Nc6 32. Nd7 Rxd7 33. Rxc6 Qb8 34.
Qe4 Rf6 35. Rec1 Rxc6 36. Rxc6 Ne8 37. Rxa6 Nc7 38. Rc6 Qe8 39. Rc5 Re7 40. Qc6
Qd8 41. Bd5 1-0

[Event "XXI C.to Mondiale Seniores"]
[Site "Abbazia CRO"]
[Date "2011.11.23"]
[Round "8"]
[White "Valenti, Giuseppe"]
[Black "Samartsev, Alexander"]
[Result "1-0"]
[WhiteElo "2147"]
[BlackElo "2226"]
[PlyCount "87"]
[EventDate "2011.11.15"]

1. e4 c5 2. Nf3 d6 3. d4 Nf6 4. Nc3 cxd4 5. Nxd4 g6 6. Be3 Bg7 7. f3 Nc6 8. Qd2
O-O 9. Bc4 e6 10. O-O-O d5 11. exd5 Nxd5 12. Nxd5 exd5 13. Bb3 Na5 14. Nb5
Nxb3+ 15. axb3 Be6 16. Kb1 Qd7 17. Nc3 b5 18. Bd4 f6 19. Rhe1 a6 20. h4 h5 21.
Bc5 Rfc8 22. Qe3 Re8 23. Qf2 Rac8 24. Re2 Qc6 25. Rde1 Kf7 26. Bd4 a5 27. Rd1
b4 28. Na4 Bf5 29. Rdd2 Qb5 30. Nc5 Bh6 31. Rxe8 Rxe8 32. f4 Bf8 33. Nd3 a4 34.
bxa4 Qxa4 35. b3 Qa5 36. Bb2 Bxd3 37. Rxd3 Re4 38. f5 g5 39. hxg5 fxg5 40. f6
Bd6 41. Rd1 Be5 42. Qf5 Bxb2 43. Kxb2 Qd8 44. Qxe4 1-0

[Event "XXI C.to Mondiale Seniores"]
[Site "Abbazia CRO"]
[Date "2011.11.24"]
[Round "9"]
[White "Hammar, Bengt"]
[Black "Valenti, Giuseppe"]
[Result "0-1"]
[WhiteElo "2256"]
[BlackElo "2147"]
[PlyCount "70"]
[EventDate "2011.11.15"]

1. d4 Nf6 2. c4 e6 3. Nc3 c5 4. Nf3 cxd4 5. Nxd4 a6 6. e4 Qc7 7. Be3 d6 8. Rc1
Nbd7 9. Be2 Be7 10. O-O O-O 11. f3 Re8 12. Kh1 Bf8 13. Qe1 b6 14. g4 h6 15. h4
Nh7 16. Rg1 Bb7 17. g5 hxg5 18. hxg5 g6 19. Rg2 Bg7 20. Qd2 Rac8 21. Rh2 d5 22.
cxd5 exd5 23. Qe1 Qd8 24. Qh4 Ndf8 25. e5 Bxe5 26. f4 Bg7 27. Qf2 Qe7 28. Rh3
b5 29. a3 b4 30. axb4 Qxb4 31. Rd1 Qxb2 32. Nb1 Rxe3 33. Qxe3 Bxd4 34. Qxd4
Qxe2 35. Rb3 Rc2 0-1

[Event "XXI C.to Mondiale Seniores"]
[Site "Abbazia CRO"]
[Date "2011.11.24"]
[Round "9"]
[White "Trofimov, Sergey"]
[Black "Rosino, Antonio"]
[Result "1/2-1/2"]
[WhiteElo "2408"]
[BlackElo "2231"]
[PlyCount "49"]
[EventDate "2011.11.15"]

1. Nf3 Nf6 2. d4 g6 3. c4 Bg7 4. Nc3 d5 5. e3 O-O 6. Qb3 c6 7. Be2 Qb6 8. Qa3
Re8 9. O-O Bg4 10. cxd5 cxd5 11. Bd2 Nc6 12. Rac1 Rac8 13. Na4 Qd8 14. Qb3 Ne4
15. Bc3 b6 16. h3 Bxf3 17. Bxf3 e6 18. Be2 Nxc3 19. Rxc3 Na5 20. Qb5 Rxc3 21.
Nxc3 Qc8 22. Rc1 Re7 23. Qa6 Qxa6 24. Bxa6 Rc7 25. Ne2 1/2-1/2

[Event "XXI C.to Mondiale Seniores"]
[Site "Abbazia CRO"]
[Date "2011.11.25"]
[Round "10"]
[White "Fradkin, Boris"]
[Black "Micheli, Carlo"]
[Result "1-0"]
[WhiteElo "2445"]
[BlackElo "2265"]
[PlyCount "111"]
[EventDate "2011.11.15"]

1. d4 d6 2. c4 e5 3. Nf3 e4 4. Nfd2 f5 5. e3 Nf6 6. Nc3 c6 7. d5 c5 8. b3 g6 9.
Bb2 Bg7 10. f4 exf3 11. gxf3 O-O 12. Qe2 Re8 13. O-O-O Bh6 14. e4 fxe4 15.
Ncxe4 Nxe4 16. fxe4 Qh4 17. Bg2 Bg4 18. Bf3 Bxf3 19. Qxf3 Nd7 20. Qg3 Qf4 21.
Kc2 Ne5 22. Qxf4 Bxf4 23. Rdf1 Bh6 24. h3 Rad8 25. Rh2 Rd7 26. Bc3 a6 27. a4
Be3 28. Nf3 Nf7 29. Kd3 Bf4 30. Re2 b6 31. Rfe1 Bg3 32. Rg1 Ne5+ 33. Bxe5 Bxe5
34. Ng5 b5 35. cxb5 axb5 36. axb5 Rb8 37. Nf3 Bg7 38. Nd2 Rxb5 39. Rb1 Rdb7 40.
Kc2 Ra7 41. Nc4 Ra6 42. Kd3 Rb7 43. e5 dxe5 44. Ke4 Bf8 45. Rd2 Rb4 46. Kxe5
Bg7+ 47. Ke4 Bf8 48. Rf2 Be7 49. Ke5 Bh4 50. Rf3 Rb8 51. d6 Ra7 52. Kd5 Rc8 53.
Ne5 Ra2 54. Rd1 Kg7 55. Rf7+ Kg8 56. Rb7 1-0

[Event "XXI C.to Mondiale Seniores"]
[Site "Abbazia CRO"]
[Date "2011.11.25"]
[Round "10"]
[White "Rosino, Antonio"]
[Black "Malmdin, Nils Ake"]
[Result "1/2-1/2"]
[WhiteElo "2231"]
[BlackElo "2308"]
[PlyCount "64"]
[EventDate "2011.11.15"]

1. e4 c5 2. c3 d5 3. exd5 Qxd5 4. d4 g6 5. Nf3 Bg7 6. Na3 cxd4 7. Nb5 Na6 8.
Be3 Nf6 9. Qxd4 Qxd4 10. Bxd4 b6 11. Bc4 O-O 12. O-O Bb7 13. Ne5 Nc5 14. Rad1
a6 15. Nc7 Rac8 16. Bxc5 bxc5 17. Nxa6 Ne4 18. Nd7 Rfe8 19. f3 Nd6 20. Naxc5
Nxc4 21. Nxb7 Nxb2 22. Rb1 Nd3 23. Rfd1 Rxc3 24. Rb3 Nf4 25. Rxc3 Ne2+ 26. Kf1
Nxc3 27. Rd2 Na4 28. Ndc5 Nxc5 29. Nxc5 Rc8 30. Nb3 Be5 31. g3 Rc3 32. Ke2 Kg7
1/2-1/2

[Event "XXI C.to Mondiale Seniores"]
[Site "Abbazia CRO"]
[Date "2011.11.25"]
[Round "10"]
[White "Valenti, Giuseppe"]
[Black "Filipenko, Alexander V."]
[Result "1/2-1/2"]
[WhiteElo "2147"]
[BlackElo "2353"]
[PlyCount "59"]
[EventDate "2011.11.15"]

1. e4 c5 2. Nf3 d6 3. d4 cxd4 4. Nxd4 Nf6 5. Nc3 Nc6 6. Bc4 e6 7. Be3 Be7 8.
O-O O-O 9. Kh1 a6 10. a4 Qc7 11. f4 Na5 12. Ba2 Nc4 13. Bc1 Bd7 14. Qd3 Rac8
15. Rb1 Rfd8 16. f5 e5 17. Nde2 b5 18. Bg5 Qb7 19. Bxf6 Bxf6 20. Nd5 Bc6 21.
Nec3 Kh8 22. Rf3 Bxd5 23. Nxd5 Bg5 24. Bxc4 Rxc4 25. axb5 axb5 26. c3 Ra4 27.
Rg3 Bf4 28. Rf3 Bg5 29. Rg3 Bf4 30. Rf3 1/2-1/2

[Event "XXI C.to Mondiale Seniores"]
[Site "Abbazia CRO"]
[Date "2011.11.26"]
[Round "11"]
[White "Klundt, Klaus"]
[Black "Valenti, Giuseppe"]
[Result "1/2-1/2"]
[WhiteElo "2383"]
[BlackElo "2147"]
[PlyCount "45"]
[EventDate "2011.11.15"]

1. e4 c5 2. Nf3 Nc6 3. d4 cxd4 4. Nxd4 Qb6 5. Nb3 Nf6 6. Nc3 e6 7. Bd3 a6 8.
Be3 Qc7 9. f4 d6 10. Qf3 b5 11. O-O Bb7 12. g4 Be7 13. g5 Nd7 14. Qh3 b4 15.
Ne2 g6 16. Rac1 Qd8 17. c3 e5 18. Qh6 exf4 19. Bxf4 Nde5 20. Bb1 Bf8 21. Qh3
Bg7 22. Nbd4 O-O 23. Nxc6 1/2-1/2

[Event "XXI C.to Mondiale Seniores"]
[Site "Abbazia CRO"]
[Date "2011.11.26"]
[Round "11"]
[White "Pushkov, Nikolai"]
[Black "Rosino, Antonio"]
[Result "1-0"]
[WhiteElo "2395"]
[BlackElo "2231"]
[PlyCount "35"]
[EventDate "2011.11.15"]

1. c4 Nf6 2. Nf3 g6 3. d4 Bg7 4. Nc3 d5 5. Bg5 Ne4 6. Bh4 Nxc3 7. bxc3 dxc4 8.
e3 b5 9. Be2 Bb7 10. O-O Nd7 11. a4 a6 12. Qb1 Rb8 13. axb5 axb5 14. Qb4 Bc6
15. Ra6 Nb6 16. Ne5 Bd7 17. Bf3 Nc8 18. Nxd7 1-0